| 000 | 00892nas a2200277 4500 | ||
|---|---|---|---|
| 001 | BR8600775 | ||
| 003 | BR-BrBNA | ||
| 005 | 20231205090343.0 | ||
| 007 | ta | ||
| 008 | 230509b bl.|||p| |||| 00| 00por d | ||
| 040 |
_aBR-BrBNA _bpor _cBiblioteca Nacional de Agricultura |
||
| 041 | _a(Pt) | ||
| 072 | _aF01 | ||
| 100 | 1 | _aSampaio, V.R. | |
| 100 | 1 | _aMatsue, A.M. | |
| 100 | 1 | _aColombo, M.P. | |
| 100 | 1 | _aOlitta, A.F.L. | |
| 100 | 1 | _aBarbin, D. | |
| 245 | 1 | _aAplicacao de reguladores de crescimento em figos produzidos fora da epoca normal | |
| 246 | 1 | _aApplication of growth regulators on figs produced out of season | |
| 650 | _aFIGO | ||
| 650 | _aACIDO GIBERELICO | ||
| 773 | 0 |
_tAnais da Escola Superior de Agricultura Luiz de Queiroz (Brazil) _xISSN 0071-1276 _g(1983), v. 40(1) p. 101-108 _wBR8600775 |
|
| 909 |
_a202311 _bLúcia _c55 _dLúcia Elande |
||
| 942 |
_2AGRIS _n0 _cANA |
||
| 999 |
_c117819 _d117819 |
||